000 01011 a2200205 4500
001 13203
005 20260407155441.0
008 260407a1963 arg spa d
003 AR-UNSa-BCEJYS
040 _aAR-UNSa-BCEJYS
_bspa
_cAR-UNSa-BCEJYS
080 _a351.72
_xFinanzas públicas. Legislación (Contabilidad Pública, Administración financiera...)
245 1 0 _aCurso de contabilidad pública
264 1 _aBuenos Aires :
_bAguilar
_c1963
300 _a699 p.
_c22 cm.
505 _aParte I: 1. La contabilidad pública y su sujeto -- Parte II: Contabilidad del estado: 2. Organización de la hacienda del estado - 3. La gestión en la agenda central - 4. La gestión en las haciendas anexas - 5. Responsabilidad de los administradores y agentes de la hacienda - 6. El control parlamentario en las fases concomitantes y ulterior - 7. Las haciendas conexas o paraestatales
942 _cBK
590 _aniveau_biblio:m niveau_hierar:0
100 1 _aAtchabahian, Adolfo
700 1 _aMassier, Guillermo
999 _c516
_d516